00683nam a2200181 a 450000100100000000500170001000800410002704000250006808200170009310000300011024501290014026000470026930000210031649000490033770000290038670000350041583000510045000003678420200930075932.0100511s1966 ag 000 d spa d aDO-SdBNPbspacBNPHU axxxxbV422fu1 aVega, Lope de,d1562-163510aFuenteovejuna /cLope de Vega ; estudio preliminar y notas de Raquel Minian de Alfie ; edición de María Hortensia Lacau. aBuenos Aires :bEditorial Kapelusz,c1966. a127 p. ;c17 cm.1 aGrandes obras de la literatura universalv251 aMinian de Alfie, Raquel.1 aHortensia Lacau, María,eed. 0aGrandes obras de la literatura universal ;v25